Pozicija stran Vyšegradskoj gruppy vo vnešnej torgovle Slovakii

Salvato in:
Dettagli Bibliografici
Autore principale: Kašťáková, Elena, 1974-
Altri autori: Kittová, Zuzana, 1975-
Natura: Capitolo di libro
Lingua:russo
Soggetti:
Tags: Aggiungi Tag
Nessun Tag, puoi essere il primo ad aggiungerne!!

MARC

LEADER 00000naa$a2200000$$$4500
001 0269986
005 20240502083809.4
041 0 |a rus 
044 |a KZ 
245 1 0 |a Pozicija stran Vyšegradskoj gruppy vo vnešnej torgovle Slovakii  |c Elena Kašťáková, Zuzana Kittová 
610 2 0 |a obchod medzinárodný 
610 2 0 |a Vyšehradská štvorka 
610 2 0 |a Slovensko 
610 2 0 |a globalizácia hospodárstva 
610 2 0 |a rast hospodársky 
100 1 |a Kašťáková, Elena, 1974- 
700 1 |a Kittová, Zuzana, 1975-